[Event "7th EuropCh Women"]
[Site "Kusadasi / Turkey"]
[Date "2006.04.09"]
[Round "6"]
[Board "1"]
[White "Majdan, Joanna"]
[Black "Khurtsidze, Nino"]
[Result "1/2-1/2"]
[WhiteElo "2297"]
[BlackElo "2426"]
[PlyCount "70"]
[EventDate "2006.04.04"]
[EventRounds "11"]
[EventCountry "AUT"]

1.e4 c6 2.d4 d5 3.Nc3 dxe4 4.Nxe4 Bf5 5.Ng3 Bg6 6.h4 h6 7.Nf3 Nd7 8.h5 Bh7 9.Bd3
Bxd3 10.Qxd3 e6 11.Bd2 Ngf6 12.O-O-O Be7 13.Qe2 O-O 14.Kb1 Qb6 15.c4 Rad8 16.Ne5
Rfe8 17.Bc3 c5 18.Nxd7 Rxd7 19.dxc5 Rxd1+ 20.Rxd1 Qxc5 21.Bxf6 Bxf6 22.Ne4 Qe5
23.Nxf6+ Qxf6 24.g4 e5 25.Rd7 Qc6 26.Rd5 e4 27.b3 a6 28.Qd2 Qe6 29.Rd8 Rxd8
30.Qxd8+ Kh7 31.Qd5 Qxg4 32.Qxf7 Qd1+ 33.Kb2 Qd2+ 34.Kb1 Qd3+ 35.Kb2 Qd2+

[Event "7th EuropCh Women"]
[Site "Kusadasi / Turkey"]
[Date "2006.04.09"]
[Round "6"]
[Board "1"]
[White "Muzychuk, Anna"]
[Black "Nill, Jessica"]
[Result "1-0"]
[WhiteElo "2419"]
[BlackElo "2339"]
[PlyCount "67"]
[EventDate "2006.04.04"]
[EventRounds "11"]
[EventCountry "AUT"]

1.e4 c5 2.Nf3 e6 3.c4 Nc6 4.Nc3 e5 5.g3 d6 6.Bg2 g6 7.d3 Bg7 8.O-O Nge7 9.Be3
O-O 10.Qd2 a6 11.Nh4 Rb8 12.f4 exf4 13.gxf4 f5 14.Rae1 Nd4 15.Nf3 Nxf3+ 16.Bxf3
Qc7 17.Bf2 b5 18.Bh4 fxe4 19.dxe4 bxc4 20.e5 dxe5 21.fxe5 Bb7 22.Bxb7 Qxb7
23.Bf6 Rbd8 24.Qg5 h6 25.Qg4 Kh7 26.Ne4 Rd4 27.Qg2 Qa7 28.Bxg7 Kxg7 29.Rxf8 Kxf8
30.Rf1+ Kg7 31.e6 Qb6 32.Rf7+ Kh8 33.Nf6 Rd1+ 34.Qf1

[Event "7th EuropCh Women"]
[Site "Kusadasi / Turkey"]
[Date "2006.04.09"]
[Round "6"]
[Board "1"]
[White "Schuurman, Petra"]
[Black "Lomineishvili, Maia"]
[Result "0-1"]
[WhiteElo "2258"]
[BlackElo "2399"]
[PlyCount "94"]
[EventDate "2006.04.04"]
[EventRounds "11"]
[EventCountry "AUT"]

1.d4 Nf6 2.c4 e6 3.Nc3 Bb4 4.Qc2 O-O 5.a3 Bxc3+ 6.Qxc3 b6 7.Bg5 Bb7 8.f3 d6
9.Nh3 h6 10.Bh4 Nbd7 11.e3 Rc8 12.Be2 c5 13.dxc5 Rxc5 14.Bg3 Qe7 15.Qd2 d5 16.b4
Rcc8 17.cxd5 exd5 18.O-O Rfe8 19.Bf2 Ne5 20.Bb5 Red8 21.Rfe1 g5 22.Qd4 Rc4
23.Qd1 a6 24.Bxc4 dxc4 25.Qc2 Qe6 26.Bg3 Nd3 27.Re2 b5 28.Be1 Bxf3 29.gxf3 Qxh3
30.Bc3 Nd5 31.Rf1 Qe6 32.Bd4 Re8 33.Rd1 N5f4 34.Red2 Qd5 35.Rf1 Ng6 36.Qc3 Kh7
37.Rg2 Nh4 38.e4 Qd7 39.Rg3 Nf4 40.Kf2 Nh3+ 41.Ke1 Nf4 42.Kf2 Nh3+ 43.Ke1 Rd8
44.f4 g4 45.f5 h5 46.Rxh3 gxh3 47.Be3 Qd1+

[Event "7th EuropCh Women"]
[Site "Kusadasi / Turkey"]
[Date "2006.04.09"]
[Round "6"]
[Board "1"]
[White "Khotenashvili, Bela"]
[Black "Peng, Zhaoqin"]
[Result "1-0"]
[WhiteElo "2291"]
[BlackElo "2395"]
[PlyCount "59"]
[EventDate "2006.04.04"]
[EventRounds "11"]
[EventCountry "AUT"]

1.Nf3 Nf6 2.g3 d5 3.c4 d4 4.d3 c5 5.Ne5 Nfd7 6.Nxd7 Bxd7 7.Nd2 Nc6 8.Bg2 e5
9.O-O Be7 10.a3 O-O 11.e4 a6 12.f4 b5 13.b3 Rb8 14.Ra2 f6 15.f5 Na5 16.g4 bxc4
17.bxc4 Qe8 18.g5 fxg5 19.Nf3 h6 20.Nxe5 Nb3 21.Rb2 Ba4 22.Ng6 Rf6 23.e5 Rxg6
24.fxg6 Qxg6 25.Be4 Qe8 26.Qf3 Kh8 27.Qf5 g6 28.Qh3 Kg7 29.e6 h5 30.Rf7+

[Event "7th EuropCh Women"]
[Site "Kusadasi / Turkey"]
[Date "2006.04.09"]
[Round "6"]
[Board "1"]
[White "Vasilevich, Tatjana"]
[Black "Juergens, Vera"]
[Result "1/2-1/2"]
[WhiteElo "2395"]
[BlackElo "2330"]
[PlyCount "41"]
[EventDate "2006.04.04"]
[EventRounds "11"]
[EventCountry "AUT"]

1.d4 Nf6 2.c4 g6 3.Nc3 Bg7 4.e4 O-O 5.Nf3 c6 6.Bd3 d6 7.h3 a6 8.O-O b5 9.cxb5
axb5 10.Be3 Nfd7 11.a3 Nb6 12.b3 Na6 13.b4 Be6 14.Nd2 f5 15.f3 f4 16.Bf2 d5
17.e5 Qd7 18.Qe2 Bf5 19.Rab1 Nc7 20.Nb3 Ne6 21.Bxf5

[Event "7th EuropCh Women"]
[Site "Kusadasi / Turkey"]
[Date "2006.04.09"]
[Round "6"]
[Board "1"]
[White "Topel, Zehra"]
[Black "Sedina, Elena"]
[Result "1/2-1/2"]
[WhiteElo "2139"]
[BlackElo "2373"]
[PlyCount "58"]
[EventDate "2006.04.04"]
[EventRounds "11"]
[EventCountry "AUT"]

1.d4 d5 2.c4 c6 3.Nf3 Nf6 4.Nc3 dxc4 5.a4 Bf5 6.Nh4 e6 7.Nxf5 exf5 8.e3 Bb4
9.Bxc4 O-O 10.O-O Nbd7 11.Qc2 g6 12.Ba2 Qe7 13.f3 c5 14.Qf2 Rac8 15.Bd2 Nb6
16.Rfe1 Qd7 17.Kh1 Rfe8 18.Qh4 Nfd5 19.dxc5 Nxc3 20.Bxc3 Bxc3 21.Red1 Qe7
22.Qxe7 Rxe7 23.cxb6 Bxb2 24.Rab1 Ba3 25.bxa7 Ra8 26.e4 fxe4 27.fxe4 Rxa7 28.Bd5
Rxa4 29.Bxb7 Rb4

[Event "7th EuropCh Women"]
[Site "Kusadasi / Turkey"]
[Date "2006.04.09"]
[Round "6"]
[Board "1"]
[White "Motoc, Alina"]
[Black "Gvetadze, Sopio"]
[Result "0-1"]
[WhiteElo "2342"]
[BlackElo "2282"]
[PlyCount "50"]
[EventDate "2006.04.04"]
[EventRounds "11"]
[EventCountry "AUT"]

1.b3 d5 2.Bb2 Nf6 3.e3 Bf5 4.Nf3 e6 5.Nh4 Bg4 6.f3 Bh5 7.Bd3 Bd6 8.O-O Ne4 9.Qe1
Nc5 10.g4 Bg6 11.e4 dxe4 12.Bxe4 Nxe4 13.Nxg6 hxg6 14.Qxe4 Rxh2 15.Rf2 Qh4
16.Rxh2 Qxh2+ 17.Kf1 Bg3 18.Qe3 Qh1+ 19.Ke2 Nc6 20.Na3 Qg2+ 21.Kd3 O-O-O+ 22.Kc4
Bf2 23.Qe2 Qg3 24.Rf1 Qd6 25.d4 Qb4+

[Event "7th EuropCh Women"]
[Site "Kusadasi / Turkey"]
[Date "2006.04.09"]
[Round "6"]
[Board "1"]
[White "Dzagnidze, Nana"]
[Black "Velcheva, Maria"]
[Result "0-1"]
[WhiteElo "2442"]
[BlackElo "2279"]
[PlyCount "100"]
[EventDate "2006.04.04"]
[EventRounds "11"]
[EventCountry "AUT"]

1.c4 e5 2.Nc3 Nf6 3.e4 Bc5 4.g3 c6 5.Bg2 d6 6.Nge2 Ng4 7.O-O Qf6 8.Qe1 h5 9.h3
h4 10.b4 Bb6 11.c5 dxc5 12.bxc5 Bxc5 13.Na4 hxg3 14.Nxc5 gxf2+ 15.Rxf2 Qxf2+
16.Qxf2 Nxf2 17.Kxf2 b6 18.Nd3 f6 19.Bb2 Be6 20.Ke3 Kd7 21.a4 Na6 22.Rh1 c5
23.Nc3 Rh4 24.Ba3 Rah8 25.Nf2 Nb4 26.Bxb4 cxb4 27.Nd5 Bxd5 28.exd5 f5 29.Nd3 Kd6
30.Rc1 Rxh3+ 31.Bxh3 Rxh3+ 32.Ke2 Rh2+ 33.Nf2 Kxd5 34.Kf3 g5 35.Kg3 Rh4 36.Nd1
Rd4 37.Rc2 a5 38.Ne3+ Ke4 39.Kf2 b3 40.Rb2 Rb4 41.Ke2 f4 42.Nd1 Kd4 43.Nc3 e4
44.Nb5+ Rxb5 45.axb5 f3+ 46.Kd1 a4 47.Rb1 Kd3 48.Rc1 f2 49.Rc3+ Kd4 50.Ke2 b2

[Event "7th EuropCh Women"]
[Site "Kusadasi / Turkey"]
[Date "2006.04.09"]
[Round "6"]
[Board "1"]
[White "Fakhiridou, Ekaterini"]
[Black "Arakhamia Grant, Ketevan"]
[Result "0-1"]
[WhiteElo "2292"]
[BlackElo "2423"]
[PlyCount "78"]
[EventDate "2006.04.04"]
[EventRounds "11"]
[EventCountry "AUT"]

1.e4 c5 2.Nf3 Nc6 3.d4 cxd4 4.Nxd4 Nf6 5.Nc3 e5 6.Ndb5 d6 7.Nd5 Nxd5 8.exd5 Nb8
9.c4 Be7 10.Bd3 O-O 11.O-O a6 12.Nc3 f5 13.f4 Nd7 14.Kh1 Kh8 15.Qc2 g6 16.Be3
Bf6 17.Rab1 exf4 18.Bxf4 Ne5 19.b4 a5 20.a3 axb4 21.axb4 b6 22.Nb5 Bd7 23.Be2
Bxb5 24.cxb5 Qd7 25.Rfc1 Rfc8 26.Qb3 Qe7 27.Be3 Rxc1+ 28.Rxc1 Nd7 29.Bf1 Be5
30.Bf2 Qg5 31.Rc7 Qf4 32.Qg3 Ra1 33.Kg1 Qxb4 34.Qd3 Nc5 35.Qh3 Rxf1+ 36.Kxf1
Qxb5+ 37.Ke1 Qb1+ 38.Kd2 Ne4+ 39.Ke3 Qb3+

[Event "7th EuropCh Women"]
[Site "Kusadasi / Turkey"]
[Date "2006.04.09"]
[Round "6"]
[Board "1"]
[White "Tsiganova, Monika"]
[Black "Kachiani Gersinska,  Ketino"]
[Result "1/2-1/2"]
[WhiteElo "2267"]
[BlackElo "2421"]
[PlyCount "97"]
[EventDate "2006.04.04"]
[EventRounds "11"]
[EventCountry "AUT"]

1.d4 Nf6 2.c4 g6 3.Nc3 Bg7 4.e4 d6 5.Be2 O-O 6.Nf3 e5 7.O-O Na6 8.Be3 c6 9.a3
Qe8 10.dxe5 dxe5 11.h3 Nh5 12.Re1 Nf4 13.Bf1 Qe7 14.Qc2 Qf6 15.Bxf4 Qxf4 16.Re3
Nc5 17.Rd1 Bf6 18.b4 Ne6 19.Ne2 a5 20.c5 axb4 21.axb4 Qh6 22.Red3 Nc7 23.Rd6 Be6
24.Nc1 Ra3 25.Qb2 Rxf3 26.gxf3 Qg5+ 27.Kh1 Qh4 28.Rxe6 Nxe6 29.Nd3 Bg7 30.b5 Ng5
31.Ne1 Nxh3 32.Bxh3 Qxh3+ 33.Kg1 cxb5 34.Qxb5 Bh6 35.Qxb7 Bf4 36.Qd7 f5 37.Ng2
Qh2+ 38.Kf1 Qh1+ 39.Ke2 Qxg2 40.Qe6+ Kh8 41.Qe7 Rb8 42.Qf6+ Kg8 43.Rd8+ Rxd8
44.Qxd8+ Kg7 45.Qe7+ Kh6 46.Qh4+ Kg7 47.Qe7+ Kh6 48.Qh4+ Kg7 49.Qe7+

[Event "7th EuropCh Women"]
[Site "Kusadasi / Turkey"]
[Date "2006.04.09"]
[Round "6"]
[Board "1"]
[White "Muhren, Bianca"]
[Black "Klinova, Masha"]
[Result "1/2-1/2"]
[WhiteElo "2253"]
[BlackElo "2357"]
[PlyCount "102"]
[EventDate "2006.04.04"]
[EventRounds "11"]
[EventCountry "AUT"]

1.e4 g6 2.d4 Bg7 3.Nc3 c6 4.Nf3 d6 5.Be3 Nf6 6.Qd2 O-O 7.h3 b5 8.Bd3 Nbd7 9.O-O
a6 10.e5 dxe5 11.dxe5 Nd5 12.Nxd5 cxd5 13.Bd4 Qc7 14.Rfe1 Nc5 15.Qc3 Ne6 16.a4
Bd7 17.axb5 Bxb5 18.Bxb5 axb5 19.Qxc7 Nxc7 20.Bc5 Rfe8 21.Rxa8 Nxa8 22.Ra1 f6
23.e6 Nc7 24.Nd4 f5 25.Ra7 Bxd4 26.Rxc7 Bxb2 27.Bxe7 Bg7 28.Kf1 h5 29.Rb7 b4
30.Ke2 Bf8 31.Bxb4 Rxe6+ 32.Kd3 Bxb4 33.Rxb4 Kf7 34.Rb7+ Kf6 35.f4 Re4 36.Rb6+
Kf7 37.Rb7+ Ke6 38.Rb6+ Kf7 39.Rd6 Rxf4 40.Rxd5 Rf2 41.c4 Ke6 42.Rd4 Rxg2 43.c5
Rg1 44.Kd2 Ke5 45.Rc4 Ra1 46.c6 Ra8 47.c7 Rc8 48.Rc6 g5 49.Ke3 Kd5 50.Rf6 f4+
51.Kf3 Ke5

[Event "7th EuropCh Women"]
[Site "Kusadasi / Turkey"]
[Date "2006.04.09"]
[Round "6"]
[Board "1"]
[White "Gilbert, Jessie"]
[Black "Zozulia, Anna"]
[Result "1/2-1/2"]
[WhiteElo "2144"]
[BlackElo "2355"]
[PlyCount "81"]
[EventDate "2006.04.04"]
[EventRounds "11"]
[EventCountry "AUT"]

1.d4 Nf6 2.c4 g6 3.Nc3 Bg7 4.e4 d6 5.f3 O-O 6.Bg5 c5 7.d5 e6 8.Qd2 exd5 9.cxd5
a6 10.a4 Re8 11.Nge2 Nbd7 12.Ng3 Qa5 13.Be2 b5 14.O-O b4 15.Nd1 h5 16.Ne3 Nh7
17.Nc4 Qc7 18.Bf4 Ne5 19.Nxe5 Bxe5 20.Bxe5 Rxe5 21.Qh6 Re8 22.f4 Qe7 23.f5 Qg5
24.Qxg5 Nxg5 25.Rf4 Nh7 26.h4 Ra7 27.Raf1 Re5 28.b3 a5 29.R1f2 Rae7 30.Bd3 gxf5
31.Nxf5 Bxf5 32.Rxf5 Kg7 33.R5f4 Nf8 34.Rf6 Rd7 35.Bb5 Nh7 36.R6f4 Rde7 37.Bd3
Nf8 38.Rf6 Rd7 39.Bb5 Nh7 40.R6f4 Rde7 41.Bd3

[Event "7th EuropCh Women"]
[Site "Kusadasi / Turkey"]
[Date "2006.04.09"]
[Round "6"]
[Board "1"]
[White "Calotescu, Ana Cristina"]
[Black "Umudova, Nargiz"]
[Result "1-0"]
[WhiteElo "2325"]
[BlackElo "2174"]
[PlyCount "95"]
[EventDate "2006.04.04"]
[EventRounds "11"]
[EventCountry "AUT"]

1.Nf3 Nf6 2.c4 g6 3.g3 Bg7 4.Bg2 O-O 5.d4 d6 6.O-O Nbd7 7.Nc3 e5 8.e4 exd4
9.Nxd4 Re8 10.h3 Nc5 11.Re1 c6 12.Rb1 a5 13.b3 Qb6 14.Be3 Qc7 15.Qc2 Bd7 16.a3
Ne6 17.Nde2 h5 18.f4 Nf8 19.Nd4 Qc8 20.Kh2 h4 21.gxh4 Nh5 22.Qf2 Ne6 23.Nxe6
Bxe6 24.Na4 Qd8 25.Bf3 Nf6 26.Nb6 Rb8 27.h5 c5 28.Na4 Nxh5 29.Rbd1 b5 30.Nxc5
bxc4 31.Nxe6 Rxe6 32.bxc4 Rb2 33.Rd2 Qf6 34.Rxb2 Qxb2 35.Qxb2 Bxb2 36.Rb1 Bxa3
37.Rb8+ Kh7 38.f5 gxf5 39.Bxh5 Rxe4 40.Bg5 Re6 41.Bxf7 Re2+ 42.Kg3 Bb2 43.h4
Be5+ 44.Kf3 Rh2 45.h5 a4 46.Bg6+ Kg7 47.Rb7+ Kg8 48.h6

[Event "7th EuropCh Women"]
[Site "Kusadasi / Turkey"]
[Date "2006.04.09"]
[Round "6"]
[Board "1"]
[White "Dragomirescu, Angela"]
[Black "Mkrtchian, Lilit"]
[Result "0-1"]
[WhiteElo "2261"]
[BlackElo "2453"]
[PlyCount "46"]
[EventDate "2006.04.04"]
[EventRounds "11"]
[EventCountry "AUT"]

1.d4 d5 2.c4 dxc4 3.Nf3 Nf6 4.Nc3 e6 5.e4 Bb4 6.Bg5 c5 7.Bxc4 cxd4 8.Nxd4 Bxc3+
9.bxc3 Qa5 10.Bb5+ Nbd7 11.Bxf6 Qxc3+ 12.Kf1 gxf6 13.Rc1 Qb4 14.h4 e5 15.Qg4
Qxd4 16.Rd1 h5 17.Qe2 Qc5 18.Rh3 a6 19.Bc4 Nb6 20.Rhd3 Bg4 21.f3 Bd7 22.Rc3 Nxc4
23.Rxc4 Qxc4

[Event "7th EuropCh Women"]
[Site "Kusadasi / Turkey"]
[Date "2006.04.09"]
[Round "6"]
[Board "1"]
[White "Smokina, Karolina"]
[Black "Melia, Salome"]
[Result "1-0"]
[WhiteElo "2252"]
[BlackElo "2393"]
[PlyCount "81"]
[EventDate "2006.04.04"]
[EventRounds "11"]
[EventCountry "AUT"]

1.c4 e5 2.g3 Nf6 3.Bg2 c6 4.d4 exd4 5.Qxd4 d5 6.Nc3 dxc4 7.Qxd8+ Kxd8 8.Bg5 Be7
9.O-O-O+ Ke8 10.h3 h6 11.Bd2 Bc5 12.f4 Na6 13.Nf3 Be6 14.g4 Rd8 15.f5 Bc8 16.Ne5
Nb4 17.Nxc4 Ke7 18.a3 Nbd5 19.e4 Nb6 20.Nxb6 Bxb6 21.e5 Nd7 22.Ne4 Nxe5 23.Bb4+
c5 24.Nxc5 a5 25.Bc3 f6 26.Nxb7 Bxb7 27.Bxb7 h5 28.g5 Be3+ 29.Kb1 Rxd1+ 30.Rxd1
Rg8 31.gxf6+ gxf6 32.Bd5 Bb6 33.Kc2 Rd8 34.Bb3 Rc8 35.Be6 Rc7 36.Kb3 Nf3 37.Bc4
Ne5 38.Bxe5 fxe5 39.f6+ Ke8 40.f7+ Ke7 41.Rd8

[Event "7th EuropCh Women"]
[Site "Kusadasi / Turkey"]
[Date "2006.04.09"]
[Round "6"]
[Board "1"]
[White "Bensdorp, Marlies"]
[Black "Aginian, Nelly"]
[Result "1/2-1/2"]
[WhiteElo "2251"]
[BlackElo "2333"]
[PlyCount "34"]
[EventDate "2006.04.04"]
[EventRounds "11"]
[EventCountry "AUT"]

1.d4 Nf6 2.c4 g6 3.g3 Bg7 4.Bg2 d5 5.cxd5 Nxd5 6.Nf3 O-O 7.O-O Nb6 8.Nc3 Nc6
9.d5 Na5 10.e4 c6 11.dxc6 Qxd1 12.Rxd1 Nxc6 13.Nd5 Bg4 14.h3 Nxd5 15.exd5 Bxf3
16.Bxf3 Nd4 17.Be4 Ne2+

[Event "7th EuropCh Women"]
[Site "Kusadasi / Turkey"]
[Date "2006.04.09"]
[Round "6"]
[Board "1"]
[White "Makropoulou, Marina"]
[Black "Pavlovskaya, Evgenia"]
[Result "1-0"]
[WhiteElo "2305"]
[BlackElo "2182"]
[PlyCount "183"]
[EventDate "2006.04.04"]
[EventRounds "11"]
[EventCountry "AUT"]

1.e4 c5 2.Nf3 a6 3.Nc3 Nc6 4.d4 cxd4 5.Nxd4 e5 6.Nf5 d6 7.Bc4 Bxf5 8.exf5 Nf6
9.O-O Be7 10.a3 Nd4 11.Nd5 O-O 12.c3 Nxf5 13.Qf3 Nh4 14.Nxf6+ Bxf6 15.Qxb7 Qc8
16.Qxc8 Rfxc8 17.Bd5 Rab8 18.Rd1 Ng6 19.g3 Nf8 20.Bg2 Be7 21.Bf1 a5 22.Rd5 Rc5
23.Rxc5 dxc5 24.a4 h6 25.Bb5 Ne6 26.Kf1 Nc7 27.Bc4 Kf8 28.b3 Bd6 29.Be3 Ke7
30.Rd1 f5 31.f3 Ne6 32.Ke2 Nc7 33.Kd3 Ne6 34.Kc2 Rf8 35.Bd5 Nc7 36.Bc6 Rb8 37.g4
f4 38.Bf2 Rb6 39.Be4 Ne6 40.h4 Rb8 41.Bd5 Nc7 42.Bc4 Na8 43.Bb5 Nc7 44.Bd3 Ne6
45.Bc4 Nc7 46.Kd3 Ne8 47.Bd5 Nf6 48.Kc4 Nd7 49.Bc6 Nb6+ 50.Kd3 Rc8 51.Be4 Rb8
52.Kc2 Nd7 53.Bc6 Nb6 54.h5 c4 55.bxc4 Nxc4 56.Bh4+ Kf8 57.Ra1 Rb2+ 58.Kd3 Ne3
59.Bd8 Rb3 60.Bxa5 Ke7 61.Bb5 Bc5 62.Bc4 Rb7 63.Bb5 Nd5 64.Kc4 Bb6 65.Bxb6 Nxb6+
66.Kc5 Nc8 67.a5 Rc7+ 68.Kb4 Na7 69.c4 Ke6 70.a6 e4 71.fxe4 Ke5 72.Ka5 f3 73.Kb6
Rf7 74.c5 Nc8+ 75.Ka5 Kf4 76.e5 Kxg4 77.e6 Rc7 78.Bd7 Kxh5 79.Bxc8 Rxc5+ 80.Kb6
Rxc8 81.a7 f2 82.Rf1 Re8 83.Kb5 g5 84.Rxf2 g4 85.e7 g3 86.Rf8 Rxe7 87.a8=Q Re5+
88.Kc4 Rg5 89.Qh1+ Kg4 90.Qg2 h5 91.Rd8 Rf5 92.Rg8+

[Event "7th EuropCh Women"]
[Site "Kusadasi / Turkey"]
[Date "2006.04.09"]
[Round "6"]
[Board "1"]
[White "Maksimovic, Suzana"]
[Black "Cherednichenko, Svetlana"]
[Result "0-1"]
[WhiteElo "2295"]
[BlackElo "2238"]
[PlyCount "60"]
[EventDate "2006.04.04"]
[EventRounds "11"]
[EventCountry "AUT"]

1.c4 e5 2.Nc3 g6 3.d4 Bg7 4.Nf3 exd4 5.Nxd4 Nf6 6.Bg5 h6 7.Bh4 O-O 8.e3 d6 9.Be2
Nc6 10.O-O Re8 11.Nxc6 bxc6 12.Bf3 Bd7 13.Rc1 Rb8 14.b3 Qc8 15.Bxf6 Bxf6 16.Qd2
Re5 17.Rfd1 h5 18.Ne4 Bg7 19.h4 Bg4 20.Bxg4 hxg4 21.Qc2 Qe8 22.Nc3 g3 23.fxg3
Rxe3 24.Rd3 Qe5 25.Rxe3 Qxe3+ 26.Kh2 Be5 27.Ne2 Kg7 28.Rf1 Rh8 29.Nf4 g5 30.Qf5
Bxf4

[Event "7th EuropCh Women"]
[Site "Kusadasi / Turkey"]
[Date "2006.04.09"]
[Round "6"]
[Board "1"]
[White "Bashkite, Viktoria"]
[Black "Benderac, Ana"]
[Result "1/2-1/2"]
[WhiteElo "2205"]
[BlackElo "2293"]
[PlyCount "114"]
[EventDate "2006.04.04"]
[EventRounds "11"]
[EventCountry "AUT"]

1.e4 e5 2.Nf3 d6 3.Bc4 Be7 4.h3 a6 5.c3 Nf6 6.d3 O-O 7.O-O b5 8.Bb3 Bb7 9.Re1
Nbd7 10.Nbd2 c5 11.Nf1 h6 12.Ng3 Re8 13.Nf5 Bf8 14.Nh2 d5 15.exd5 Bxd5 16.Bxd5
Nxd5 17.Qf3 N5f6 18.Ng4 Kh7 19.a4 b4 20.cxb4 cxb4 21.d4 exd4 22.Bd2 Nxg4 23.Rxe8
Qxe8 24.hxg4 Ne5 25.Qh3 Qd7 26.Re1 Nc4 27.Bxh6 gxh6 28.b3 d3 29.Re7 Qxe7 30.Nxe7
Ne5 31.Qe3 Rd8 32.Nd5 Bg7 33.f4 Kh8 34.Qe4 d2 35.Ne3 Nxg4 36.Nd1 Bd4+ 37.Kf1
Ne3+ 38.Ke2 Nxd1 39.Kxd1 Bc3 40.Qe7 Rg8 41.g4 Rxg4 42.Qf8+ Kh7 43.Qxf7+ Rg7
44.Qf5+ Kg8 45.Qc8+ Kf7 46.Qb7+ Kf6 47.Qxa6+ Kf5 48.Qd3+ Kxf4 49.Qd6+ Ke4
50.Qe6+ Kf3 51.Qf5+ Kg2 52.Qe4+ Kg3 53.a5 Rg5 54.Qe3+ Kg2 55.Qe2+ Kg3 56.Qe3+
Kg2 57.Qe4+ Kg3

[Event "7th EuropCh Women"]
[Site "Kusadasi / Turkey"]
[Date "2006.04.09"]
[Round "6"]
[Board "1"]
[White "Makka, Ioulia"]
[Black "Przezdziecka, Marta"]
[Result "0-1"]
[WhiteElo "2198"]
[BlackElo "2265"]
[PlyCount "84"]
[EventDate "2006.04.04"]
[EventRounds "11"]
[EventCountry "AUT"]

1.e4 c5 2.Nf3 Nc6 3.d4 cxd4 4.Nxd4 Nf6 5.Nc3 d6 6.g3 Bg4 7.f3 Bd7 8.Be3 a6 9.Qd2
e6 10.g4 Be7 11.O-O-O b5 12.g5 Nh5 13.Nxc6 Bxc6 14.Rg1 Rc8 15.Kb1 Qc7 16.Bd3 O-O
17.f4 b4 18.Ne2 Qb7 19.f5 Bxe4 20.f6 Bd8 21.Rdf1 g6 22.Ng3 Nxg3 23.Rxg3 Ba5
24.Bxe4 Qxe4 25.Qf2 Rc6 26.Rh3 Rfc8 27.Rc1 Qf5 28.Rf3 Qd5 29.Rh3 h5 30.gxh6 Kh7
31.Rg3 Bd8 32.h4 Qf5 33.Rf3 Qe5 34.Rf4 a5 35.Rf3 a4 36.Bd4 Qd5 37.Rg3 e5 38.Be3
b3 39.h5 Rxc2 40.hxg6+ fxg6 41.Qf1 Qe4 42.Ka1 Qxe3

[Event "7th EuropCh Women"]
[Site "Kusadasi / Turkey"]
[Date "2006.04.09"]
[Round "6"]
[Board "1"]
[White "Norinkeviciute, Rasa"]
[Black "Eckhardt, Claudia"]
[Result "1-0"]
[WhiteElo "2106"]
[BlackElo "2260"]
[PlyCount "110"]
[EventDate "2006.04.04"]
[EventRounds "11"]
[EventCountry "AUT"]

1.e4 c5 2.c3 d5 3.exd5 Qxd5 4.d4 Nf6 5.Nf3 Nc6 6.dxc5 Qxc5 7.Na3 e6 8.Be3 Qa5
9.Nc4 Qc7 10.Qa4 Bd7 11.Nb6 Rd8 12.Nxd7 Nxd7 13.Bb5 a6 14.Bxc6 Qxc6 15.Qxc6 bxc6
16.O-O-O Be7 17.Rd3 Rc8 18.Rhd1 Nf6 19.Bg5 Nd5 20.Bxe7 Kxe7 21.c4 Nb6 22.Ne5 f6
23.Rb3 fxe5 24.Rxb6 Rc7 25.Rxa6 Rf8 26.Rd2 Rf4 27.b3 Rd4 28.Re2 e4 29.Ra5 Kd6
30.Rh5 h6 31.c5+ Ke7 32.Re5 Ra7 33.Kb2 Ra5 34.a3 Kf6 35.R5xe4 Rxe4 36.Rxe4 Rxc5
37.Rc4 Rf5 38.f3 c5 39.Re4 Rg5 40.Re2 Ke7 41.Kc3 Kd6 42.Rd2+ Kc6 43.Kc4 Rf5
44.Re2 Rf6 45.Re5 Rf4+ 46.Re4 Rf6 47.a4 g6 48.a5 g5 49.a6 Kb6 50.a7 Kxa7 51.Kxc5
Rf5+ 52.Kd6 Rb5 53.b4 e5 54.Ke6 Kb7 55.Rc4 Kb8

[Event "7th EuropCh Women"]
[Site "Kusadasi / Turkey"]
[Date "2006.04.09"]
[Round "6"]
[Board "1"]
[White "Lematschko, Tatjana"]
[Black "Bensdorp, Laura"]
[Result "1-0"]
[WhiteElo "2180"]
[BlackElo "2098"]
[PlyCount "49"]
[EventDate "2006.04.04"]
[EventRounds "11"]
[EventCountry "AUT"]

1.d4 f5 2.Nc3 Nf6 3.Bg5 e6 4.e4 fxe4 5.Nxe4 Be7 6.Ng3 O-O 7.h4 Nc6 8.c3 Qe8
9.Bd3 e5 10.d5 Nd8 11.Qc2 h6 12.Bg6 Nf7 13.d6 cxd6 14.O-O-O Qd8 15.Bxf6 Bxf6
16.Nf5 Qb6 17.Nf3 a5 18.Bxf7+ Rxf7 19.Rxd6 Qc5 20.Rhd1 a4 21.R6d5 Qc4 22.Nd6
Qf4+ 23.Qd2 Re7 24.Qxf4 exf4 25.Rc5

[Event "7th EuropCh Women"]
[Site "Kusadasi / Turkey"]
[Date "2006.04.09"]
[Round "6"]
[Board "1"]
[White "Kubikova, Alena"]
[Black "Andersson, Christin"]
[Result "1-0"]
[WhiteElo "2098"]
[BlackElo "2170"]
[PlyCount "71"]
[EventDate "2006.04.04"]
[EventRounds "11"]
[EventCountry "AUT"]

1.e4 e6 2.d4 d5 3.Nd2 Nf6 4.e5 Nfd7 5.Bd3 c5 6.c3 Nc6 7.Ne2 cxd4 8.cxd4 f6
9.exf6 Nxf6 10.Nf3 Bd6 11.O-O O-O 12.Bg5 Bd7 13.Bh4 Qe8 14.Re1 Qh5 15.Ng3 Bxg3
16.Bxg3 Kh8 17.a3 Rfe8 18.Rc1 Rac8 19.Qd2 Ne7 20.Rxc8 Rxc8 21.Qb4 Nf5 22.Qxb7
Nxg3 23.hxg3 Qe8 24.Qxa7 Bb5 25.Bb1 Qc6 26.Ne5 Qe8 27.Nf7+ Kg8 28.Nd6 Qc6
29.Qf7+ Kh8 30.Nxc8 Qxc8 31.Qxe6 Qc4 32.Qb6 h6 33.Bf5 Be8 34.Qc5 Qa4 35.Qf8+ Ng8
36.Be6

[Event "7th EuropCh Women"]
[Site "Kusadasi / Turkey"]
[Date "2006.04.09"]
[Round "6"]
[Board "1"]
[White "Khudaverdieva, Afag"]
[Black "Steil Antoni, Fiona"]
[Result "1-0"]
[WhiteElo "2156"]
[BlackElo "1968"]
[PlyCount "103"]
[EventDate "2006.04.04"]
[EventRounds "11"]
[EventCountry "AUT"]

1.d4 d5 2.Nf3 Nf6 3.c4 e6 4.Nc3 Be7 5.cxd5 exd5 6.Bg5 Nbd7 7.e3 c6 8.Bd3 O-O
9.Qc2 Re8 10.O-O Nf8 11.h3 Ng6 12.Nd2 Bd6 13.e4 dxe4 14.Ndxe4 Be7 15.Be3 Nd5
16.Nxd5 cxd5 17.Nc3 Bg5 18.Rae1 Bxe3 19.fxe3 Qg5 20.Bxg6 hxg6 21.e4 dxe4 22.Nxe4
Qd8 23.Qc5 b6 24.Qc4 Be6 25.Qd3 Bf5 26.g4 Bxe4 27.Rxe4 Qd5 28.Rfe1 Rxe4 29.Qxe4
Qxe4 30.Rxe4 Kf8 31.Kf2 Rc8 32.Re2 Rd8 33.Rd2 f5 34.Kf3 Kf7 35.Kf4 Kf6 36.g5+
Kf7 37.Ke5 Ke7 38.h4 Rh8 39.Rh2 Kd7 40.Kd5 Rh5 41.Rh1 Rh8 42.Rh3 Rh5 43.Ra3 a5
44.Rb3 f4 45.Rxb6 f3 46.Rb7+ Kc8 47.Rf7 Rxh4 48.Rxf3 Rg4 49.Kc6 Kd8 50.d5 Rxg5
51.d6 Rf5 52.Rb3

[Event "7th EuropCh Women"]
[Site "Kusadasi / Turkey"]
[Date "2006.04.09"]
[Round "6"]
[Board "1"]
[White "Coimbra, Margarida"]
[Black "Bulmaga, Irina"]
[Result "0-1"]
[WhiteElo "2070"]
[BlackElo "2002"]
[PlyCount "58"]
[EventDate "2006.04.04"]
[EventRounds "11"]
[EventCountry "AUT"]

1.e4 c5 2.Nc3 Nc6 3.g3 g6 4.d3 d6 5.Be3 Bg7 6.Qd2 e5 7.Bg2 Be6 8.Nge2 Nge7 9.Bh6
O-O 10.h4 f6 11.Bxg7 Kxg7 12.f4 Nd4 13.h5 Bg4 14.hxg6 hxg6 15.fxe5 dxe5 16.Qh6+
Kf7 17.Qh7+ Ke8 18.Nxd4 cxd4 19.Nd5 g5 20.Rh6 Nxd5 21.exd5 Qe7 22.Qg6+ Kd8
23.Rh7 Qb4+ 24.Kf2 Rc8 25.Qg7 Rxc2+ 26.Kf1 Qc5 27.Qxb7 Rc1+ 28.Rxc1 Qxc1+ 29.Kf2
Qe3+

[Event "7th EuropCh Women"]
[Site "Kusadasi / Turkey"]
[Date "2006.04.09"]
[Round "6"]
[Board "1"]
[White "Sommer, Sonja"]
[Black "Van Weersel, Arlette"]
[Result "1/2-1/2"]
[WhiteElo "2047"]
[BlackElo "2148"]
[PlyCount "40"]
[EventDate "2006.04.04"]
[EventRounds "11"]
[EventCountry "AUT"]

1.e4 e5 2.Nf3 Nc6 3.d4 exd4 4.Nxd4 Bc5 5.Nxc6 Qf6 6.Qd2 dxc6 7.Nc3 Be6 8.Na4 Rd8
9.Bd3 Bd4 10.O-O b5 11.Nc3 Ne7 12.Kh1 Bxc3 13.Qxc3 Qxc3 14.bxc3 Nc8 15.a4 a6
16.axb5 axb5 17.Ba3 Nb6 18.f4 Bc4 19.Bxc4 Nxc4 20.Bc5 Kd7

[Event "7th EuropCh Women"]
[Site "Kusadasi / Turkey"]
[Date "2006.04.09"]
[Round "6"]
[Board "1"]
[White "Isgandarova, Khayala"]
[Black "Makka, Evanthia"]
[Result "1-0"]
[WhiteElo "2104"]
[BlackElo "2046"]
[PlyCount "56"]
[EventDate "2006.04.04"]
[EventRounds "11"]
[EventCountry "AUT"]

1.e4 e6 2.d4 d5 3.e5 b6 4.Bb5+ c6 5.Ba4 Ba6 6.c3 Ne7 7.Ne2 Nf5 8.Nd2 Be7 9.O-O
Qc7 10.Nf3 Nd7 11.g4 Nh4 12.Nxh4 Bxh4 13.f4 Be7 14.f5 Nf8 15.Rf3 exf5 16.gxf5
O-O-O 17.Rg3 Qd7 18.Bc2 Re8 19.Rxg7 Bd8 20.Bf4 c5 21.dxc5 bxc5 22.Ba4 Qxf5
23.Bxe8 Ne6 24.Qxd5 Rxe8 25.Rd1 Nxg7 26.Qa8+ Kc7 27.Qxa7+ Bb7 28.e6+ Qxf4